[Event "Verbandsliga Suedbaden 1920"]
[Site "Baden"]
[Date "2020.03.08"]
[Round "7.1"]
[White "Chernykh, Arkady"]
[Black "Hommeles, Theo"]
[Result "1-0"]
[WhiteElo "2119"]
[BlackElo "2384"]
[PlyCount "67"]
[EventDate "2019.09.29"]
[EventType "team-tourn"]
[EventRounds "9"]
[EventCountry "GER"]
[SourceTitle "EXT 2021"]
[Source "ChessBase"]
[SourceDate "2020.10.23"]
[SourceVersion "1"]
[SourceVersionDate "2020.10.23"]
[SourceQuality "1"]
[WhiteTeam "Baden-Baden V"]
[BlackTeam "Konstanz"]
[WhiteTeamCountry "GER"]
[BlackTeamCountry "GER"]

1. d4 g6 2. e4 Bg7 3. Nc3 c6 4. g3 d5 5. e5 c5 6. f4 cxd4 7. Qxd4 Be6 8. Nf3 Nc6 9. Bb5 a6 10. Bxc6+ bxc6 11. Na4 Nh6 12. Nc5 Bg4 13. 0-0 0-0 14. Kg2 Qc8 15. Ng1 f6 16. exf6 Bxf6 17. Qf2 Nf5 18. c3 Nd6 19. h3 Bf5 20. g4 Ne4 21. Nxe4 Bxe4+ 22. Kh2 h5 23. gxh5 gxh5 24. Ne2 h4 25. Rg1+ Kf7 26. Be3 Ke8 27. Bd4 e5 28. Bc5 Rh8 29. Raf1 Rb8 30. Bd6 exf4 31. Nxf4 Kd7 32. Ng6 Rh6 33. b4 Bd8 34. Nf8+ 1-0

[Event "Verbandsliga Suedbaden 1819"]
[Site "Baden"]
[Date "2018.10.14"]
[Round "1.1"]
[White "Cvitan, Ognjen"]
[Black "Hommeles, Theo"]
[Result "1/2-1/2"]
[WhiteElo "2489"]
[BlackElo "2379"]
[PlyCount "33"]
[EventDate "2018.10.14"]
[EventType "team-tourn"]
[EventRounds "9"]
[EventCountry "GER"]
[SourceTitle "EXT 2020"]
[Source "ChessBase"]
[SourceDate "2019.10.17"]
[SourceVersion "1"]
[SourceVersionDate "2019.10.17"]
[SourceQuality "1"]
[WhiteTeam "Emmendingen II"]
[BlackTeam "Konstanz"]
[WhiteTeamCountry "GER"]
[BlackTeamCountry "GER"]

1. d4 g6 2. e4 Bg7 3. c4 d6 4. Nc3 e5 5. Nf3 exd4 6. Nxd4 Nc6 7. Be3 Nge7 8. Be2 0-0 9. 0-0 f5 10. Nxc6 bxc6 11. f3 Rb8 12. Qd2 Be6 13. Bg5 Qd7 14. Rfe1 Rbe8 15. Bxe7 Rxe7 16. exf5 Rxf5 17. Rad1 1/2-1/2

[Event "Hersonissos op 2nd"]
[Site "Hersonissos"]
[Date "2018.06.21"]
[Round "6"]
[White "Adair, James R"]
[Black "Hommeles, Theo"]
[Result "0-1"]
[WhiteElo "2485"]
[BlackElo "2361"]
[PlyCount "62"]
[EventDate "2018.06.17"]
[EventType "swiss"]
[EventRounds "9"]
[EventCountry "GRE"]
[SourceTitle "CBM 185 Extra"]
[Source "ChessBase"]
[SourceDate "2018.07.29"]
[SourceVersion "1"]
[SourceVersionDate "2018.07.29"]
[SourceQuality "1"]

1. e4 e5 2. Nf3 Nc6 3. d4 exd4 4. Nxd4 Nf6 5. Nxc6 bxc6 6. e5 Qe7 7. Qe2 Nd5 8. c4 Nb6 9. Nc3 Bb7 10. Bd2 0-0-0 11. 0-0-0 d6 12. c5 dxc5 13. g3 Kb8 14. Bh3 Nd5 15. f4 g6 16. Ne4 f5 17. Nf2 Qe6 18. Qc4 Qc8 19. Bf1 Be7 20. Be2 Rhf8 21. Rhe1 Nb6 22. Qc2 Ba6 23. Ba5 Bxe2 24. Qxe2 Rd5 25. b3 Qe6 26. Kb1 Kb7 27. Rc1 Rfd8 28. Rc2 c4 29. b4 Bxb4 30. Bxb4 Rb5 31. Rb2 Na4 0-1

[Event "Hersonissos op 2nd"]
[Site "Hersonissos"]
[Date "2018.06.17"]
[Round "1"]
[White "Hommeles, Theo"]
[Black "Dagkonaki, Aspasia"]
[Result "1-0"]
[WhiteElo "2361"]
[BlackElo "1538"]
[PlyCount "45"]
[EventDate "2018.06.17"]
[EventType "swiss"]
[EventRounds "9"]
[EventCountry "GRE"]
[SourceTitle "CBM 185 Extra"]
[Source "ChessBase"]
[SourceDate "2018.07.29"]
[SourceVersion "1"]
[SourceVersionDate "2018.07.29"]
[SourceQuality "1"]

1. d4 d5 2. e4 e6 3. Nc3 b6 4. Bd3 Bb7 5. exd5 Nf6 6. Bb5+ Nfd7 7. Qf3 a6 8. Bc6 Bxc6 9. dxc6 Nf6 10. Nge2 Be7 11. Bf4 Bd6 12. 0-0-0 Bxf4+ 13. Nxf4 Qd6 14. d5 0-0 15. dxe6 Qxc6 16. exf7+ Kxf7 17. Ncd5 Re8 18. Rd3 Ra7 19. Rhd1 Qa4 20. Nxf6 gxf6 21. Qh5+ Kf8 22. Qh6+ Kg8 23. Rg3+ 1-0

[Event "Bodensee-Cup"]
[Site "Kreuzlingen"]
[Date "2017.05.06"]
[Round "2.1"]
[White "Kurmann, Oliver"]
[Black "Hommeles, Theo"]
[Result "1-0"]
[WhiteElo "2471"]
[BlackElo "2367"]
[PlyCount "67"]
[EventDate "2017.05.05"]
[EventType "team-swiss"]
[EventRounds "3"]
[EventCountry "SUI"]
[SourceTitle "EXT 2020"]
[Source "ChessBase"]
[SourceDate "2019.10.17"]
[SourceVersion "1"]
[SourceVersionDate "2019.10.17"]
[SourceQuality "1"]
[WhiteTeam "Schweiz II"]
[BlackTeam "Bodan+ II"]
[WhiteTeamCountry "SUI"]
[BlackTeamCountry "GER"]

1. e4 e5 2. Nf3 Nc6 3. Bc4 Nf6 4. d3 Bc5 5. 0-0 0-0 6. h3 a6 7. c3 d6 8. Bb3 Ba7 9. Re1 Ne7 10. Nbd2 Ng6 11. Nf1 Nh5 12. d4 Nhf4 13. Ng3 Qe7 14. Be3 h6 15. Bc2 Qf6 16. Nf5 Rd8 17. Qd2 Bd7 18. g3 Ne6 19. Kg2 Nef8 20. Nh2 d5 21. Ng4 Qe6 22. Bxh6 dxe4 23. Bxe4 Bc6 24. Bxc6 Qxc6+ 25. Kh2 Ne6 26. Nxe5 Nxe5 27. Ne7+ Kf8 28. Nxc6 Nf3+ 29. Kg2 Nxd2 30. Nxd8 gxh6 31. Nxe6+ fxe6 32. b3 c5 33. dxc5 Rd8 34. Rad1 1-0

[Event "SUI-chT"]
[Site "Switzerland"]
[Date "2017.04.23"]
[Round "3.3"]
[White "Patuzzo, Fabrizio"]
[Black "Hommeles, Theo"]
[Result "1-0"]
[WhiteElo "2358"]
[BlackElo "2374"]
[PlyCount "73"]
[EventDate "2017.03.19"]
[EventType "team-swiss"]
[EventRounds "9"]
[EventCountry "SUI"]
[SourceTitle "EXT 2018"]
[Source "ChessBase"]
[SourceDate "2017.10.13"]
[SourceVersion "1"]
[SourceVersionDate "2017.10.13"]
[SourceQuality "1"]
[WhiteTeam "Mendrisio"]
[BlackTeam "Bodan"]
[WhiteTeamCountry "SUI"]
[BlackTeamCountry "SUI"]

1. d4 d5 2. Nf3 Nf6 3. c4 c6 4. Nc3 e6 5. g3 Nbd7 6. Qd3 a6 7. Bg2 b5 8. b3 bxc4 9. bxc4 a5 10. cxd5 Ba6 11. Qe3 cxd5 12. 0-0 Bb4 13. Bd2 Ng4 14. Qf4 f5 15. Ng5 Nf8 16. Nxe6 Nxe6 17. Qxf5 Nxd4 18. Qxg4 Bxc3 19. Bxc3 Nxe2+ 20. Kh1 Nxc3 21. Qxg7 Rf8 22. Qxc3 Bxf1 23. Qc6+ Kf7 24. Bxd5+ Kg7 25. Qb7+ Kf6 26. Qxa8 Qxa8 27. Bxa8 Rxa8 28. Rxf1 Rb8 29. Kg2 Rb2 30. Ra1 a4 31. a3 Rb3 32. h4 Ke5 33. Ra2 Rc3 34. Ra1 Ke4 35. Ra2 Kd4 36. h5 Rc5 37. Rb2 1-0

[Event "SUI-chT"]
[Site "Switzerland"]
[Date "2017.03.19"]
[Round "1.1"]
[White "Heimann, Andreas"]
[Black "Hommeles, Theo"]
[Result "1-0"]
[WhiteElo "2588"]
[BlackElo "2374"]
[PlyCount "85"]
[EventDate "2017.03.19"]
[EventType "team-swiss"]
[EventRounds "9"]
[EventCountry "SUI"]
[SourceTitle "EXT 2018"]
[Source "ChessBase"]
[SourceDate "2017.10.13"]
[SourceVersion "1"]
[SourceVersionDate "2017.10.13"]
[SourceQuality "1"]
[WhiteTeam "Riehen"]
[BlackTeam "Bodan"]
[WhiteTeamCountry "SUI"]
[BlackTeamCountry "SUI"]

1. e4 e5 2. Nf3 Nc6 3. d4 exd4 4. Nxd4 Bb4+ 5. c3 Bc5 6. Be3 Bb6 7. Nf5 g6 8. Bxb6 axb6 9. Ne3 Nf6 10. f3 0-0 11. c4 Nh5 12. Qd2 Na5 13. Na3 d6 14. Bd3 Be6 15. 0-0 Nc6 16. f4 f5 17. exf5 gxf5 18. Nb5 Qd7 19. Rae1 Ng7 20. Qc3 Ne7 21. Re2 c6 22. Nd4 c5 23. Nb5 Rxa2 24. Na3 Nc6 25. Bb1 Nd4 26. Ree1 Ra1 27. b4 Rxa3 28. Qxa3 Kh8 29. Qc3 Qa4 30. Nc2 Qb3 31. Qd2 Qxc4 32. Nxd4 Qxd4+ 33. Qxd4 cxd4 34. Rc1 Bd5 35. Rc7 Be4 36. Rd7 d5 37. Bxe4 fxe4 38. Rxd5 Nf5 39. Re1 e3 40. g3 h5 41. Kg2 Kg7 42. Kf3 Kf6 43. Ke4 1-0

[Event "GER CupT 1617 Round2 (4)"]
[Site "Emmendingen"]
[Date "2017.03.11"]
[Round "1.2"]
[White "Hommeles, Theo"]
[Black "Graf, Alexander"]
[Result "0-1"]
[WhiteElo "2375"]
[BlackElo "2581"]
[PlyCount "84"]
[EventDate "2017.03.11"]
[EventType "team-k.o."]
[EventRounds "2"]
[EventCountry "GER"]
[SourceTitle "EXT 2019"]
[Source "ChessBase"]
[SourceDate "2018.10.10"]
[SourceVersion "1"]
[SourceVersionDate "2018.10.10"]
[SourceQuality "1"]
[WhiteTeam "Emmendingen"]
[BlackTeam "Deizisau"]
[WhiteTeamCountry "GER"]
[BlackTeamCountry "GER"]

1. e4 e6 2. d4 d5 3. Nc3 Nf6 4. e5 Nfd7 5. f4 c5 6. Nf3 Nc6 7. Be3 Qb6 8. Na4 Qa5+ 9. c3 c4 10. b4 Qc7 11. Be2 Be7 12. 0-0 0-0 13. Qc2 f6 14. Nb2 b5 15. a4 bxa4 16. Nxa4 a5 17. Nc5 Nxc5 18. bxc5 Bd7 19. Nd2 fxe5 20. fxe5 Rxf1+ 21. Rxf1 a4 22. Ra1 Na5 23. Bg4 Nb3 24. Ra2 Rf8 25. Nf3 Qc6 26. Bg5 Rxf3 27. Bxe7 Rf7 28. Bd6 Qc8 29. g3 Be8 30. Qb2 Ra7 31. Ra3 Bf7 32. Qg2 Qe8 33. Qh3 Nd2 34. c6 h5 35. Bd1 Qxc6 36. Bxh5 Nb1 37. Ra1 Nxc3 38. Rf1 Qe8 39. Bg4 a3 40. Bxa3 Rxa3 41. Rxf7 Qxf7 42. Bxe6 Ne2+ 0-1

[Event "BL2-Sued 1617"]
[Site "Germany"]
[Date "2017.02.05"]
[Round "5.5"]
[White "Meyer, Kai Christian"]
[Black "Hommeles, Theo"]
[Result "0-1"]
[WhiteElo "2172"]
[BlackElo "2373"]
[PlyCount "86"]
[EventDate "2016.10.16"]
[EventType "team-tourn"]
[EventRounds "9"]
[EventCountry "GER"]
[SourceTitle "EXT 2018"]
[Source "ChessBase"]
[SourceDate "2017.10.13"]
[SourceVersion "1"]
[SourceVersionDate "2017.10.13"]
[SourceQuality "1"]
[WhiteTeam "Schoeneck"]
[BlackTeam "Emmendingen"]
[WhiteTeamCountry "GER"]
[BlackTeamCountry "GER"]

1. d4 g6 2. Nf3 Bg7 3. c3 d6 4. e4 Nf6 5. Bd3 0-0 6. 0-0 Nc6 7. Bg5 h6 8. Bh4 e5 9. dxe5 Nxe5 10. Nxe5 dxe5 11. Qc2 c6 12. Nd2 Qc7 13. Rfd1 Be6 14. a4 Rfd8 15. f3 Rd6 16. Nc4 Rd7 17. Bf2 Rad8 18. Be2 Bf8 19. Rxd7 Nxd7 20. b4 b6 21. Qb2 Be7 22. Be3 h5 23. Rf1 Bf6 24. Qc1 b5 25. Nb2 a6 26. c4 Qb7 27. Qc3 Be7 28. c5 Rb8 29. a5 Re8 30. Bd1 Bf6 31. Bc2 Qc7 32. h3 Rd8 33. g4 hxg4 34. fxg4 Bg7 35. Bb3 Bxb3 36. Qxb3 Nf8 37. Rd1 Ne6 38. Rxd8+ Qxd8 39. Qd1 Qh4 40. Kh2 Bh6 41. Qg1 Bf4+ 42. Bxf4 exf4 43. Nd3 Qd8 0-1

[Event "BL2-Sued 1617"]
[Site "Germany"]
[Date "2016.10.16"]
[Round "1.6"]
[White "Hommeles, Theo"]
[Black "Sieglen, Joachim"]
[Result "1/2-1/2"]
[WhiteElo "2379"]
[BlackElo "2237"]
[PlyCount "41"]
[EventDate "2016.10.16"]
[EventType "team-tourn"]
[EventRounds "9"]
[EventCountry "GER"]
[SourceTitle "CBM 175 Extra"]
[Source "ChessBase"]
[SourceDate "2016.12.12"]
[SourceVersion "1"]
[SourceVersionDate "2016.12.12"]
[SourceQuality "1"]
[WhiteTeam "Emmendingen"]
[BlackTeam "Untergrombach"]
[WhiteTeamCountry "GER"]
[BlackTeamCountry "GER"]

1. e4 e6 2. d4 d5 3. Nc3 Bb4 4. e5 c5 5. a3 Bxc3+ 6. bxc3 Ne7 7. h4 Nbc6 8. h5 Qa5 9. Bd2 Qa4 10. h6 cxd4 11. hxg7 Rg8 12. Nf3 dxc3 13. Bxc3 Rxg7 14. Bd3 Bd7 15. Rh4 Rg4 16. Rxh7 Rxg2 17. Rh8+ Rg8 18. Rh4 Rg4 19. Rh8+ Rg8 20. Rh4 Rg4 21. Rh8+ 1/2-1/2

[Event "SUI-chT"]
[Site "Switzerland"]
[Date "2016.08.27"]
[Round "6.2"]
[White "Pelletier, Yannick"]
[Black "Hommeles, Theo"]
[Result "1-0"]
[WhiteElo "2566"]
[BlackElo "2392"]
[PlyCount "169"]
[EventDate "2016.03.20"]
[EventType "team-tourn"]
[EventRounds "9"]
[EventCountry "SUI"]
[SourceTitle "EXT 2017"]
[Source "ChessBase"]
[SourceDate "2016.10.25"]
[SourceVersion "1"]
[SourceVersionDate "2016.10.25"]
[SourceQuality "1"]
[WhiteTeam "Zuerich"]
[BlackTeam "Bodan"]
[WhiteTeamCountry "SUI"]
[BlackTeamCountry "SUI"]

1. d4 d5 2. c4 c6 3. Nf3 Nf6 4. Nc3 e6 5. e3 Nbd7 6. Qc2 Bd6 7. Bd3 0-0 8. 0-0 dxc4 9. Bxc4 b5 10. Be2 Bb7 11. Rd1 Qe7 12. e4 e5 13. dxe5 Nxe5 14. Nd4 Bc5 15. Be3 Neg4 16. Nf5 Qe5 17. Bxg4 Nxg4 18. Bxc5 Qxc5 19. Qe2 Ne5 20. Rac1 Rfd8 21. Qh5 Rxd1+ 22. Qxd1 g6 23. Qd6 Qxd6 24. Nxd6 Ba6 25. Rd1 b4 26. Na4 Nd3 27. b3 Kf8 28. Nc4 Bxc4 29. bxc4 Ne5 30. f4 Nxc4 31. Rd4 Nb6 32. Rxb4 Nxa4 33. Rxa4 a5 34. Kf2 Ke7 35. Ke3 c5 36. Kd3 Kd6 37. Kc3 Kc6 38. e5 Kd5 39. g3 h5 40. Kd3 Ra6 41. Kc2 Ra8 42. Kc3 Ra6 43. Kc2 Ra8 44. Ra3 Ra7 45. Rd3+ Kc4 46. Rd6 a4 47. a3 Rb7 48. Ra6 Kb5 49. Ra8 Rd7 50. Kc3 Rd1 51. Rb8+ Kc6 52. Rf8 Rd7 53. e6 fxe6 54. Rf6 Kd5 55. Rxg6 h4 56. Rg5+ Kd6 57. gxh4 Rf7 58. Rg4 Rf5 59. Kc4 Kc6 60. Kd3 Kb5 61. Rg3 Rh5 62. Rh3 Kc6 63. Kc4 Rf5 64. h5 Rxf4+ 65. Kc3 Rf7 66. h6 Rh7 67. Kc4 e5 68. Rh5 Kd6 69. Kd3 Kd5 70. Rh4 e4+ 71. Ke3 Ke5 72. Rh5+ Kf6 73. Kxe4 Kg6 74. Rh3 Re7+ 75. Kd5 Kh7 76. Kxc5 Re4 77. Kb5 Rf4 78. Ka5 Re4 79. Kb5 Rf4 80. Rh5 Re4 81. Ka5 Rf4 82. Kb5 Re4 83. Rc5 Kxh6 84. Rc4 Re3 85. Kxa4 1-0

[Event "SUI-chT"]
[Site "Switzerland"]
[Date "2016.06.12"]
[Round "5.2"]
[White "Renet, Olivier"]
[Black "Hommeles, Theo"]
[Result "1/2-1/2"]
[WhiteElo "2520"]
[BlackElo "2392"]
[PlyCount "63"]
[EventDate "2016.03.20"]
[EventType "team-tourn"]
[EventRounds "9"]
[EventCountry "SUI"]
[SourceTitle "EXT 2017"]
[Source "ChessBase"]
[SourceDate "2016.10.25"]
[SourceVersion "1"]
[SourceVersionDate "2016.10.25"]
[SourceQuality "1"]
[WhiteTeam "Riehen"]
[BlackTeam "Bodan"]
[WhiteTeamCountry "SUI"]
[BlackTeamCountry "SUI"]

1. e4 e5 2. Nf3 Nc6 3. Bb5 a6 4. Ba4 Nf6 5. 0-0 Be7 6. Re1 b5 7. Bb3 d6 8. c3 0-0 9. h3 Nb8 10. d4 Nbd7 11. Nbd2 Bb7 12. a3 h6 13. Bc2 Re8 14. b4 Bf8 15. Bb2 g6 16. Rb1 Rb8 17. Ba1 Ba8 18. a4 Bg7 19. dxe5 dxe5 20. c4 c6 21. Qe2 Nh5 22. g3 Bf8 23. Bc3 Qc7 24. Rec1 c5 25. cxb5 cxb4 26. Bxb4 Bxb4 27. Rxb4 axb5 28. axb5 Nxg3 29. Qe3 Qc3 30. Qxc3 Ne2+ 31. Kh2 Nxc3 32. Bb3 1/2-1/2

[Event "Oberliga Baden 1415"]
[Site "Baden"]
[Date "2015.03.15"]
[Round "8.3"]
[White "Welz, Thomas"]
[Black "Hommeles, Theo"]
[Result "0-1"]
[WhiteElo "2184"]
[BlackElo "2411"]
[PlyCount "100"]
[EventDate "2014.09.21"]
[EventType "team-tourn"]
[EventRounds "9"]
[EventCountry "GER"]
[SourceTitle "EXT 2016"]
[Source "ChessBase"]
[SourceDate "2015.10.08"]
[SourceVersion "1"]
[SourceVersionDate "2015.10.08"]
[SourceQuality "1"]
[WhiteTeam "Eppingen II"]
[BlackTeam "Emmendingen"]
[WhiteTeamCountry "GER"]
[BlackTeamCountry "GER"]

1. d4 d5 2. Nf3 Nf6 3. Bf4 c5 4. dxc5 e6 5. e3 Bxc5 6. c3 0-0 7. Be2 Nc6 8. 0-0 Re8 9. b4 Bd6 10. Bxd6 Qxd6 11. Nbd2 b6 12. a3 Bb7 13. c4 Red8 14. Qb3 Rac8 15. Rac1 dxc4 16. Nxc4 Qb8 17. Rfd1 h6 18. b5 Ne7 19. Rxd8+ Rxd8 20. Nce5 Ne4 21. Qb4 Nc5 22. a4 f6 23. Nc4 Kf7 24. Qa3 Be4 25. a5 Bd3 26. Nd4 Bxe2 27. Nxe2 Rd3 28. Qa2 Qd8 29. Nd4 Nb3 30. Qxb3 Rxb3 31. Nxb3 bxa5 32. Nbxa5 Qc7 33. h3 Kg8 34. Rb1 Nc8 35. Nc6 Kh7 36. Ra1 Qb7 37. Ra5 Qd7 38. Ra1 Qd5 39. Na3 Qc5 40. Nd4 e5 41. Ndc2 Nd6 42. Rb1 Ne4 43. Rb4 Nd2 44. Ra4 h5 45. Ra6 h4 46. Rc6 Qd5 47. Nb4 Qb3 48. Nbc2 Qd3 49. f3 Qf1+ 50. Kh2 Qd1 0-1

[Event "Oberliga Baden 1415"]
[Site "Baden"]
[Date "2014.11.09"]
[Round "3.3"]
[White "Hommeles, Theo"]
[Black "Mueller, Olaf"]
[Result "1-0"]
[WhiteElo "2425"]
[BlackElo "2302"]
[PlyCount "85"]
[EventDate "2014.09.21"]
[EventType "team-tourn"]
[EventRounds "9"]
[EventCountry "GER"]
[SourceTitle "EXT 2016"]
[Source "ChessBase"]
[SourceDate "2015.10.08"]
[SourceVersion "1"]
[SourceVersionDate "2015.10.08"]
[SourceQuality "1"]
[WhiteTeam "Emmendingen"]
[BlackTeam "Walldorf"]
[WhiteTeamCountry "GER"]
[BlackTeamCountry "GER"]

1. d4 Nf6 2. c4 e6 3. Nf3 b6 4. g3 Ba6 5. b3 Bb4+ 6. Bd2 Be7 7. Bg2 c6 8. 0-0 0-0 9. Qc2 d5 10. Rd1 Nbd7 11. a4 Rc8 12. a5 b5 13. c5 b4 14. Bxb4 Qc7 15. Nc3 Rfe8 16. e3 Rb8 17. Ba3 Rec8 18. b4 Bf8 19. Rab1 Rb7 20. Bc1 Rcb8 21. Bd2 Rxb4 22. Rxb4 Rxb4 23. Nxd5 Nxd5 24. Ng5 N7f6 25. Bxd5 exd5 26. Bxb4 Qd7 27. Nf3 Qh3 28. Ne5 Ng4 29. Nxg4 Qxg4 30. Re1 h5 31. Qd1 Qf5 32. f3 Bd3 33. Qd2 g5 34. Qg2 g4 35. e4 Qf6 36. e5 Qg6 37. Bd2 Bb5 38. Qf2 Be7 39. Qe3 gxf3 40. Qxf3 h4 41. g4 Qc2 42. e6 fxe6 43. Rxe6 1-0

[Event "Liechtenstein op 32nd"]
[Site "Triesen"]
[Date "2014.05.24"]
[Round "2"]
[White "Hommeles, Theo"]
[Black "Medunova, Vera"]
[Result "1-0"]
[WhiteElo "2417"]
[BlackElo "2106"]
[PlyCount "113"]
[EventDate "2014.05.23"]
[EventType "swiss"]
[EventRounds "9"]
[EventCountry "LIE"]
[SourceTitle "CBM 160 Extra"]
[Source "ChessBase"]
[SourceDate "2014.07.01"]
[SourceVersion "1"]
[SourceVersionDate "2014.07.01"]
[SourceQuality "1"]

1. d4 d5 2. c4 c6 3. Nf3 Nf6 4. Nc3 e6 5. e3 Be7 6. Qc2 0-0 7. Bd3 Nbd7 8. 0-0 dxc4 9. Bxc4 c5 10. Rd1 a6 11. d5 exd5 12. Nxd5 Nxd5 13. Bxd5 Qc7 14. b4 Nf6 15. Bb2 Nxd5 16. Rxd5 Be6 17. Ng5 Bxg5 18. Rxg5 f6 19. Rxc5 Qb6 20. a3 Rac8 21. Bd4 Rxc5 22. Bxc5 Qc6 23. Rd1 Rc8 24. Qd3 a5 25. h3 axb4 26. Bxb4 b5 27. Qd4 Bb3 28. Rd2 Qc1+ 29. Kh2 Qc7+ 30. Kg1 Qc1+ 31. Kh2 Qc7+ 32. Bd6 Qc3 33. Qg4 Rd8 34. Rd4 Qc8 35. Qf4 Qe6 36. h4 h5 37. f3 Ba2 38. e4 Bb3 39. Qd2 Bc4 40. Qb4 Rc8 41. Bg3 Bf1 42. Qe1 Bc4 43. Rd6 Qe7 44. Qa5 Bf1 45. Qe1 Bc4 46. Qd2 Ra8 47. Qb4 Rc8 48. Bf4 Qa7 49. e5 fxe5 50. Bxe5 Qe7 51. Bg3 Qf7 52. Qd2 Re8 53. Qg5 Kh7 54. Rc6 Re7 55. a4 bxa4 56. Rxc4 Qxc4 57. Qxe7 1-0

[Event "SUI-chT"]
[Site "Switzerland"]
[Date "2013.10.12"]
[Round "8.3"]
[White "Brunner, Lucas"]
[Black "Hommeles, Theo"]
[Result "1-0"]
[WhiteElo "2449"]
[BlackElo "2418"]
[PlyCount "63"]
[EventDate "2013.03.17"]
[EventType "team-tourn"]
[EventRounds "9"]
[EventCountry "SUI"]
[SourceTitle "EXT 2014"]
[Source "ChessBase"]
[SourceDate "2013.11.20"]
[SourceVersion "1"]
[SourceVersionDate "2013.11.20"]
[SourceQuality "1"]
[WhiteTeam "Zuerich"]
[BlackTeam "Bodan"]
[WhiteTeamCountry "SUI"]
[BlackTeamCountry "SUI"]

1. d4 g6 2. c4 Bg7 3. Nf3 d6 4. g3 e5 5. Nc3 Nc6 6. dxe5 Nxe5 7. Nxe5 Bxe5 8. Bg2 Bg7 9. c5 Nf6 10. cxd6 Qxd6 11. Qxd6 cxd6 12. 0-0 Be6 13. Bxb7 Rb8 14. Bg2 0-0 15. Rb1 Rfc8 16. Bd2 d5 17. Bf4 Rb4 18. a3 Rb3 19. Be5 Bf5 20. Rbd1 Be4 21. e3 Ng4 22. Nxd5 Bxg2 23. Ne7+ Kf8 24. Nxc8 Bxe5 25. Kxg2 Rxb2 26. Rd3 a6 27. h3 Nf6 28. Kf3 Ne8 29. Rc1 f5 30. Rc5 Bc7 31. Rd7 Bb8 32. Rc6 1-0